• 首页
  • 本馆介绍
  • 公告通知
  • 最新文献
  • 馆藏检索
  • 电子资源
  • 读者导购
  • 参考咨询
  • 我的图书馆
  • 登录
  • 详细信息显示
  • 放入我的书架
  • 预约/预借图书
  • 作者相关作品
  • 分类相关作品
  • 丛书相关作品
  • 出版社相关作品

书目信息

  • 表格格式
  • 工作单格式
  • 卡片格式
书名: THE SOUTHWEST PACIFIC SINCE 1900
作者: by C.HARTLEY GRATTAN.
分册号:
分册名:
出版地: MICHIGAN :
 
出版社: THE UNIVERSITY OF MICHIGAN PRESS
出版时间: 1963.
页数: 558,xvii ;
开本: 20cm.
丛书名:
中图分类号:
科图分类号:
其他分类号: K56
主题词:
电子资源:
000 00482nam 2200145 a 4500
001 E0734100859
005 20070519093613.04
008 070519s1963 00010 eng
040    @aPFT@beng
090    @aK56
099    @dK56@ex10
245 1  @aTHE SOUTHWEST PACIFIC SINCE 1900 :@bA MODERN HISTORY AUSTRALIA,NEW ZEALAND,THE ISLANDS,ANTARCTICA / @cby C.HARTLEY GRATTAN.
260    @aMICHIGAN :@bTHE UNIVERSITY OF MICHIGAN PRESS,@c1963.
300    @a558,xvii ;@c20cm.
700    @aby GARATTAN,HARTLEY
    
    THE SOUTHWEST PACIFIC SINCE 1900 : : A MODERN HISTORY AUSTRALIA,NEW ZEALAND,THE ISLANDS,ANTARCTICA / / by C.HARTLEY GRATTAN.-MICHIGAN : : THE UNIVERSITY OF MICHIGAN PRESS, , 1963.
    558,xvii ; ; 20cm.
    
    
    ISBN
    
●
相关链接 在E读中查询图书 在五车中查询图书 在当当中查询图书 在豆瓣中查询图书


正题名:THE SOUTHWEST PACIFIC SINCE 1900     索取号:K56/x10         预约/预借

序号 登录号 条形码 馆藏地/架位号 状态 备注
1 10700   300107006   第二样本阅览室/ [索取号:K56/x10] 在馆    
2 10701   300107015   第四借阅区/ [索取号:K56/x10] 在馆    
唐山师范学院图书馆 欢迎您!
大连网信软件有限公司© 版权所有